Proceedings of the Conference Information Systems and Environment Statistics requirements, possibilities, and reality

Saved in:
Bibliographic Details
Other Authors: Chajdiak, Jozef
Format: Book
Language:Slovak
English
Published: Bratislava Slovenská štatistická a demografická spoločnosť 1991
Edition:1. vyd.
Subjects:
Tags: Add Tag
No Tags, Be the first to tag this record!

MARC

LEADER 00000nam a2200000 4500
001 c002960
005 20240111124742.1
041 0 |a slo 
041 0 |a eng 
044 |a SK 
245 1 0 |a Proceedings of the Conference Information Systems and Environment Statistics  |b requirements, possibilities, and reality  |c Hl. zost. Jozef Chajdiak 
250 |a 1. vyd. 
264 1 |a Bratislava  |b Slovenská štatistická a demografická spoločnosť  |c 1991 
300 |a 71 s. 
610 2 0 |a Slovensko 
610 2 0 |a štatistika 
610 2 0 |a systémy informačné 
610 2 0 |a prostredie životné 
610 2 0 |a ekológia 
610 2 0 |a analýza štatistická 
610 2 0 |a účtovníctvo 
700 1 |a Chajdiak, Jozef